| 000 | 01226nac a22002771i 4500 | ||
|---|---|---|---|
| 003 | EG-ScBUE | ||
| 005 | 20231101104838.0 | ||
| 008 | 121211s1999 ua f 000 0 ara d | ||
| 040 |
_aEG-ScBUE _bara _erda _cEG-ScBUE _dEG-ScBUE |
||
| 082 | 0 | 4 |
_a320.01 _bد ي ك _222 |
| 100 | 1 |
_aدي كرسبني، أنطوني، _eمؤلف. |
|
| 245 | 1 | 0 |
_aأعلام الفلسفة السياسية المعاصرة / _cتأليف أنطوني دي كرسبني، كينيث مينوج ؛ ترجمة ودراسة نصار عبد الله. |
| 264 | 1 |
_aالقاهرة : _bالهيئة المصرية العامة للكتاب، _c1999. |
|
| 300 |
_a125 صفحة ؛ _c24 سم. |
||
| 336 |
_2rdacontent _aنص _btxt |
||
| 337 |
_2rdamedia _aبدون وسيط _bn |
||
| 338 |
_2rdacarrier _aمجلد _bnc |
||
| 490 | 0 |
_aسلسلة الأعمال الفكرية. _aمكتبة الأسرة |
|
| 546 | _aالنص باللغة العربية وتم ترجمته من اللغة الإسبانية. | ||
| 650 | 7 |
_aالسياسة _xفلسفة ونظريات. _2BUEsh |
|
| 651 | _2BUEsh | ||
| 655 | _vReading book | ||
| 700 | 1 |
_aمينوج، كينيث، _eمؤلف. |
|
| 700 | 1 |
_aعبد الله، نصار، _eمترجم. |
|
| 942 |
_cBB _2ddc |
||
| 999 |
_c6406 _d6406 |
||